Países que terminam em E - Statistics

Estatísticas Gerais
  • Esse quiz foi jogado 174 vezes
  • A pontuação média é 6 de 16
Estatísticas das Respostas
Resposta % Correto
Chile
89%
Suriname
80%
Belize
63%
Guiné
54%
Chipre
45%
Papua Nova Guiné
43%
Chade
42%
Moçambique
35%
Zimbábue
35%
Timor-Leste
27%
Iraque
26%
Cabo Verde
25%
Coreia do Norte
25%
São Tomé e Príncipe
25%
Vietname
16%
Macedónia do Norte
14%
Nenhum quiz correspondente encontrado
Distribuição das Pontuações
Porcentagem de Pessoas com Cada Pontuação
Percentil de Números Respondidos
Sua Pontuação Histórica
Você não jogou esse quiz